Main Hero/Villain From Every Blue Sky Studios Movie - Statistics

General Stats
  • This quiz has been taken 5 times
  • The average score is 5 of 26
Answer Stats
Hint Answer % Correct
The Peanuts Movie (Hero): Charlie Brown
50%
Ferdinand (Hero): Ferdinand
50%
Horton Hears a Who! (Hero): Horton
50%
Ice Age (Hero): Manfred
50%
Ice Age: The Meltdown (Hero): Manfred
50%
Ice Age 3: Dawn of the Dinosaurs (Hero): Manfred
50%
Ice Age 4: Continental Drift (Hero): Manfred
50%
Ice Age: Collision Course (Hero): Manfred
50%
Rio (Hero): Blu
25%
Rio 2 (Hero): Blu
25%
Robots (Hero): Rodney Copperbottom
25%
Rio 2 (Villain): Big Boss
0%
Ice Age 4: Continental Drift (Villain): Captain Gutt
0%
Ice Age: The Meltdown (Villain): Cretaceous/Maelstrom
0%
Ferdinand (Villain): El Primero
0%
Ice Age: Collision Course (Villain): Gavin
0%
Horton Hears a Who! (Villain): Jane Kangaroo
0%
Spies in Disguise (Villain): Killian
0%
Spies in Disguise (Hero): Lance Sterling
0%
Robots (Villain): Madame Gasket
0%
Epic (Villain): Mandrake
0%
Epic (Hero): Mary Katherine
0%
Rio (Villain): Nigel
0%
The Peanuts Movie (Villain): Red Baron
0%
Ice Age 3: Dawn of the Dinosaurs (Villain): Rudy
0%
Ice Age (Villain): Soto
0%
No matching quizzes found
Score Distribution
Percent of People with Each Score
Percentile by Number Answered
Your Score History
You have not taken this quiz